Missing lyrics: Baby Driver - Statistics

General Stats
  • This quiz has been taken 12 times
  • The average score is 13 of 26
Answer Stats
Lyrics % Correct
They {call} me Baby Driver
100%
With {music} coming in my ears, in my ears
67%
I wonder how your {engines} -
58%
I wonder how your {engines} feel
58%
I wonder how your {engines} feel
58%
I wonder how your {engines} feel
58%
My mama was an {engineer}
58%
Scoot down the road, {what}'{s} {my} {number}?
58%
{What}'{s} {my} {number}?
58%
{What}'{s} {my} {number}?
58%
{What}'{s} {my} {number}?
58%
But I never got the {chance} to serve, I did not serve
50%
When I was {young} I carried a gun
50%
And I was born {one} {dark} {gray} {morn}′
42%
And once upon a {pair} {of} {wheels}
42%
But I'm talking ′bout your {sex} {appeal}
42%
I′m not talking about your {pigtails}
42%
My daddy got a {big} {promotion}
42%
My mama got a {raise} {in} {pay}
42%
Oh, come to my {room} and play, yes, we can play
42%
There′s {no}-{one} {home}, we're all alone
42%
I {hit} {the} {road} and I'm gone
33%
I {hit} {the} {road} and I'm gone
33%
My daddy was a {prominent} {frogman}
33%
My mama's in the {naval} {reserve}
33%
My daddy was the {family} {bassman}
25%
No matching quizzes found
Score Distribution
Percent of People with Each Score
Percentile by Number Answered
Your Score History
You have not taken this quiz